US-Amerikanische Städte A-Z - Statistiken

Allgemein
  • Dieses Quiz wurde 92 mal gespielt
  • Das Durchschnittsergebnis liegt bei 15 aus 26
Antwortstatistiken
Buchstabe Stadt % Korrekt
N New York / Nashville / New Orleans / Naples / Niagara Falls
97%
D Dallas / Denver / Detroit / Durham / Destin
96%
A Atlanta / Austin / Albuquerque /Augusta / Aspen
94%
B Boston / Baltimore / Boise / Bakersfield / Baton Rouge
94%
L Louisville / Los Angeles / Las Vegas / Lexington / Lafayette
92%
C Chicago / Charlotte / Charleston / Cincinnati / Cleveland
90%
P Phoenix / Philadelphia / Portland / Pittsburgh / Plano
90%
S San Antonio / San Francisco / San Diego / Savannah / Seattle
90%
W Washington / Waco / Wilmington / Worcester / Wichita
90%
H Houston / Huntsville / Helen / Hempstead / Honolulu
89%
M Miami / Memphis / Myrtle Beach / Milwaukee / Mesa
75%
O Orlando / Omaha / Oklahoma City / Oakland / Oxnard
75%
I Indianapolis / Irvine / Ithaca / Iowa City / Illinois City
68%
J Jacksonville / Jackson / Jersey / Joliet / Johnson City
63%
K Knoxville / Kansas City / Key West / Kennesaw / Kannapolis
62%
T Tampa / Tulsa / Tallahassee / Tucson / Toledo
61%
R Raleigh / Riverside / Reno / Rochester / Roseville
48%
F Fresno / Fort Worth / Fort Lauterdale / Flagstaff / Fayetteville
38%
E El Paso / Enterprise / Eugene / Evansville / Elk Grove
31%
Y Yuma / York / Yakima / Youngstown / Yucaipa
25%
V Virginia Beach / Vero Beach / Vancouver / Vallejo / Victorville
18%
G Greenville / Greensboro / Gilbert / Glendale / Garland
11%
Q Quincy / Quantico / Quakertown / Queen Creek / Quincy
8%
Z Zanesville / Zebulon / Zion / Zephyrhills / Zapata
6%
U Urbana / Uvalde / Ulysses / Ubly / Umatilla
3%
X Xenia / Xavier / Xenophon / #
1%
Keine übereinstimmenden Quizze gefunden
Verteilung der Resultate
Anzahl Personen mit jedem Resultat
Perzentil nach korrekt beantworteten Fragen
Ihre Resultats-Entwicklung
Sie haben dieses Quiz noch nicht gespielt